书目信息 |
| 题名: |
《红楼梦》诗词评注
|
|
| 作者: | 丁广惠 撰稿 ;哈尔滨师范学院中文系 修订 | |
| 分册: | ||
| 出版信息: | 哈尔滨 黑龙江人民出版社 1979 |
|
| 页数: | 368页 | |
| 开本: | 19cm | |
| 丛书名: | ||
| 单 册: | ||
| 中图分类: | I207.411 , I207.4 | |
| 科图分类: | ||
| 主题词: | 诗词-红楼梦-文学研究 , 文学研究-诗词-红楼梦 | |
| 电子资源: | ||
| ISBN: | ||
| 000 | 00888nam0 2200277 450 | |
| 001 | 1550716676 | |
| 005 | 20150129140607.00 | |
| 010 | @dCNY1.25 | |
| 091 | @a10093.217 | |
| 100 | @a19950724d1979 em y0chiy0110 ea | |
| 101 | 0 | @achi |
| 102 | @aCN@b230000 | |
| 105 | @ay z 000zy | |
| 200 | 1 | @a《红楼梦》诗词评注@9hong lou meng shi ci ping zhu@f丁广惠撰稿@g哈尔滨师范学院中文系评“红”组修订 |
| 210 | @a哈尔滨@c黑龙江人民出版社@d1979 | |
| 215 | @a368页@d19cm | |
| 517 | 1 | @a红楼梦诗词评注@9hong lou meng shi ci ping zhu |
| 605 | @a红楼梦@x诗词@x文学研究 | |
| 606 | 0 | @a诗词-红楼梦-文学研究 |
| 606 | 0 | @a文学研究-诗词-红楼梦 |
| 690 | @aI207.411@v5 | |
| 690 | @aI207.4@v4 | |
| 701 | 0 | @a丁广惠@9ding guang hui@f(1937.12~)@4撰稿 |
| 712 | 02 | @a哈尔滨师范学院中文系@9ha er bin shi fan xue yuan zhong wen xi@4修订 |
| 801 | 0 | @aCN@bTSSF@c20150129 |
| 905 | @aZUCC@dI207.4@eJY13 | |
| 《红楼梦》诗词评注/丁广惠撰稿/哈尔滨师范学院中文系评“红”组修订.-哈尔滨:黑龙江人民出版社,1979 |
| 368页;19cm |
| ISBN :CNY1.25 |
| ● |
| 相关链接 |
|
|
|
|
正题名:《红楼梦》诗词评注
索取号:I207.4/JY13
 
预约/预借
| 序号 | 登录号 | 条形码 | 馆藏地/架位号 | 状态 | 备注 |
| 1 | 7838459 | 278384598 | 学院路分馆/ [索取号:I207.4/JY13] | 在馆 | |
| 2 | 7838460 | 278384605 | 学院路分馆/ [索取号:I207.4/JY13] | 在馆 |